000 00714nam a2200277Ia 4500
005 20260121124826.0
008 008 260114s9999 xx 000 0 eng d
020 _a9780292793811
037 _aEBOOK
040 _aCRL
040 _beng
040 _cCRL
041 _2eng
041 _aeng
084 _qCRL
100 _aSantos-Granero, Fernando
_9982626
245 0 _aVital Enemies: Slavery, Predation, and the Amerindian Political Economy of Life
260 _bWalter de Gruyter
260 _bWalter de Gruyter
260 _c2009
650 _aHistory
_9982627
856 _uhttp://www.degruyter.com/isbn/9780292793811
942 _cEBOOK
999 _c1557411
_d1557411